000 00354nam a2200133Ia 4500
008 240624s9999 xx 000 0 und d
041 _aeng
082 _a658.155 SIM
100 _aSIMON HERMANN
245 _aMANAGE FOR PROFIT NOT FOR MARKET SHARE A
260 _c2006
_aNew Delhi
_bHarvard Business School Press
300 _a232 : p.
365 _cRS
_b27
999 _c18263
_d18263